Online
Catalog

Esbozos / (Record no. 32331)

MARC details
000 -CABECERA
campo de control de longitud fija 00611nam a2200193 a 4500
001 - NÚMERO DE CONTROL
campo de control 000032840
005 - FECHA Y HORA DE LA ÚLTIMA TRANSACCIÓN
campo de control 20200930065850.0
008 - DATOS DE LONGITUD FIJA--INFORMACIÓN GENERAL
campo de control de longitud fija 110727s1930 dr 000 0 spa d
040 ## - FUENTE DE LA CATALOGACIÓN
Centro catalogador/agencia de origen DO-SdBNP
Lengua de catalogación spa
Centro/agencia transcriptor BNPHU
082 ## - NÚMERO DE LA CLASIFICACIÓN DECIMAL DEWEY
Número de clasificación 325.2
Número de documento/Ítem H594e
100 1# - ENTRADA PRINCIPAL--NOMBRE DE PERSONA
Nombre de persona Heureaux, Casimira
9 (RLIN) 58633
245 10 - MENCIÓN DE TÍTULO
Título Esbozos /
Mención de responsabilidad, etc. Casimira Heureaux.
260 ## - PUBLICACIÓN, DISTRIBUCIÓN, ETC.
Lugar de publicación, distribución, etc. San Pedro de Macoris, República Dominicana :
Nombre del editor, distribuidor, etc. Imprenta Cervantes,
Fecha de publicación, distribución, etc. [1930?].
300 ## - DESCRIPCIÓN FÍSICA
Extensión [12 p.] ;
Dimensiones 20 cm.
590 ## - NOTA LOCAL (RLIN)
Nota local Inventariado, 2018/VM
651 #4 - PUNTO DE ACCESO ADICIONAL DE MATERIA--NOMBRE GEOGRÁFICO
Nombre geográfico Emigración E Inmigración
9 (RLIN) 49891
651 #4 - PUNTO DE ACCESO ADICIONAL DE MATERIA--NOMBRE GEOGRÁFICO
Nombre geográfico Migración
9 (RLIN) 58634
910 ## - DATOS DE OPCIÓN DEL USUARIO (OCLC)
Datos de opción del usuario Validado. Control de calidad MFF
Holdings
Estado de retiro Estado de pérdida Restricciones de uso No para préstamo Código de colección Localización permanente Ubicación/localización actual Ubicación en estantería Fecha de adquisición Número de inventario Total de préstamos Signatura topográfica completa Código de barras Fecha visto por última vez Precio válido a partir de Tipo de ítem Koha Nota pública
      Excluido de préstamo Raros y valiosos Patrimonio Dominicano Patrimonio Dominicano Depósito 27.07.2011 LF1   325.2 H594e 32840-10 25.06.2020 25.06.2020 No se presta Perteneció a la biblioteca personal de Carlos Larrazabal Blanco

Powered by Koha